| 000 | 00556nam a2200217Ia 4500 | ||
|---|---|---|---|
| 003 | OSt | ||
| 005 | 20220923230823.0 | ||
| 006 | a|||||r|||| 00| 0 | ||
| 007 | ta | ||
| 008 | Pun | ||
| 024 | _a305,837 | ||
| 037 | _cTextual | ||
| 040 |
_aARTS _cARTS _bPun |
||
| 041 |
_2Pun _aPun |
||
| 082 | _aP:18, 153L0 | ||
| 100 | _aਕੋ੍ਵਦਰਾਤੋਵ, ਏ. | ||
| 245 | 0 | _aਆਵਾਗ਼ਾਂ ਤੇ ਚਿੰਨ੍ਹ | |
| 260 | _c1970 | ||
| 942 |
_hP:18, 153L0 _cTEXL _2CC |
||
| 999 |
_c387624 _d387624 |
||